| 000 | 01113nam a22002897a 4500 | ||
|---|---|---|---|
| 001 | BR9214057 | ||
| 003 | BR-BrBNA | ||
| 005 | 20230928093811.0 | ||
| 007 | ta | ||
| 008 | 230509b bl.||||| |||| 00| 0 por d | ||
| 040 |
_aBR-BrBNA _bpor _cBiblioteca Nacional de Agricultura |
||
| 041 | _a(Por) | ||
| 072 |
_aL53 _b5214 |
||
| 090 | _ 5214 BR9214057 | ||
| 100 | 1 | _aRebelo, C.A. | |
| 110 | 1 |
_aUniversidade Federal de Vicosa, MG (Brasil) _0Tese (Magister Scientiae) |
|
| 245 | 1 | _aEfeito da gonadotropina corionica humana (hCG), do hormonio liberador de gonadotropinas (GnRH)e da restricao alimentar sobre a taxa de gestacao de vacas mesticas leiteiras | |
| 246 | 1 | _aThe effect of human chorionic gonadotropin (hCG), gonadotropin-releasing hormone (GnRH)and dietary influence on pregnancy rate of half-breed dairy cows | |
| 260 | 3 |
_aVicosa, MG (Brasil): _c1992. |
|
| 300 | _a85 p. | ||
| 500 | _a5 illus.; 14 tables; Bibliography p. 56-65 (108 ref.); Summary (Por) | ||
| 650 | _aVaca leiteira | ||
| 650 | _aReproducao Animal | ||
| 650 | _aPrenhez | ||
| 909 |
_a202309 _bLucia _c55 _dLucia Elande |
||
| 942 | _cBK | ||
| 999 |
_c47182 _d47182 |
||